The universe in a nutshell / (Record no. 337)

MARC details
000 -LEADER
fixed length control field 00927cam a22002774a 4500
005 - DATE AND TIME OF LATEST TRANSACTION
control field 20260322212016.0
008 - FIXED-LENGTH DATA ELEMENTS--GENERAL INFORMATION
fixed length control field data
010 ## - LIBRARY OF CONGRESS CONTROL NUMBER
LC control number 2001035757
020 ## - INTERNATIONAL STANDARD BOOK NUMBER
International Standard Book Number 055380202X
020 ## - INTERNATIONAL STANDARD BOOK NUMBER
International Standard Book Number 9780553802023
040 ## - CATALOGING SOURCE
Original cataloging agency DLC
Transcribing agency DLC
Modifying agency DLC
042 ## - AUTHENTICATION CODE
Authentication code pcc
050 00 - LIBRARY OF CONGRESS CALL NUMBER
Classification number QC174.12
Item number .H39 2001
082 00 - DEWEY DECIMAL CLASSIFICATION NUMBER
Classification number 530.12
Edition information 21
092 ## - LOCALLY ASSIGNED DEWEY CALL NUMBER (OCLC)
Classification number 530.12 H39 2001
001 - CONTROL NUMBER
control field data
100 1# - MAIN ENTRY--PERSONAL NAME
Personal name Hawking, S. W.
Fuller form of name (Stephen W.)
245 14 - TITLE STATEMENT
Title The universe in a nutshell /
Statement of responsibility, etc. S. W. Hawking.
260 ## - PUBLICATION, DISTRIBUTION, ETC.
Place of publication, distribution, etc. New York :
Name of publisher, distributor, etc. Bantam Books,
Date of publication, distribution, etc. c2001.
300 ## - PHYSICAL DESCRIPTION
Extent viii, 216 p. ;
Other physical details ill. (some col.) ;
Dimensions 26 cm.
500 ## - GENERAL NOTE
General note Includes index.
650 #0 - SUBJECT ADDED ENTRY--TOPICAL TERM
Topical term or geographic name entry element Quantum theory.
856 42 - ELECTRONIC LOCATION AND ACCESS
Materials specified Contributor biographical information
Uniform Resource Identifier <a href="http://www.loc.gov/catdir/bios/random053/2001035757.html">http://www.loc.gov/catdir/bios/random053/2001035757.html</a>
856 41 - ELECTRONIC LOCATION AND ACCESS
Materials specified Sample text
Uniform Resource Identifier <a href="http://www.loc.gov/catdir/samples/random042/2001035757.html">http://www.loc.gov/catdir/samples/random042/2001035757.html</a>
856 42 - ELECTRONIC LOCATION AND ACCESS
Materials specified Publisher description
Uniform Resource Identifier <a href="http://www.loc.gov/catdir/description/random046/2001035757.html">http://www.loc.gov/catdir/description/random046/2001035757.html</a>
Holdings
Withdrawn status Lost status Damaged status Not for loan Home library Current library Shelving location Date acquired Total checkouts Full call number Barcode Date last seen Price effective from Koha item type
        Centerville Centerville General stacks 22/03/2026   530.12 21 BC0010347 22/03/2026 22/03/2026 Books